00625nam a22002177a 450000500170000001000130001702000220003003500130005203700160006504000120008108200160009310000190010924501060012826000380023427000420027230000200031450000190033465000140035365000250036770000150039220170124105950.0 aB-226827 c250.00a818832806 aB-226827 bCen Lib/Ret aDPLbEN a250.33bTIW aTiwari,Arun K. aBenefactor of humanity :cby Arun K.Tiwari [and] Kyaw Myintbthe life and thought of Gautam Bauddha / aNew DelhibOcean books pvt.c2006 a4/19,Asaf Ali roadbNew Delhie110002 a215p.c21cm(Hb) aIncludes notes a Buddhism aBuddha (The concept) aMyint,Kyaw